000
00477nam a2200181Ia 4500
008
100917s9999 xx 000 0 und d
082
_b
1970
100
_a
गांधी महात्मा
245
_a
नीतिधर्म
260
_b
---
_c
1932
300
_a
36
365
_b
0.25
520
_a
अध्यात्म
630
_a
नीतिधर्म
650
_a
अध्यात्म
730
_a
नीतिधर्म
942
_c
BOOK
999
_c
607364
_d
607361